LEADER 03071nam 2200577 450 001 9910460684803321 005 20200520144314.0 010 $a92-2-325638-0 035 $a(CKB)3710000000346942 035 $a(EBL)1936503 035 $a(SSID)ssj0001493811 035 $a(PQKBManifestationID)11888190 035 $a(PQKBTitleCode)TC0001493811 035 $a(PQKBWorkID)11510312 035 $a(PQKB)11481092 035 $a(MiAaPQ)EBC1936503 035 $a(Au-PeEL)EBL1936503 035 $a(CaPaEBR)ebr11018246 035 $a(OCoLC)902957623 035 $a(EXLCZ)993710000000346942 100 $a20150222h20132013 uy 0 101 0 $aspa 135 $aur|n|---||||| 181 $ctxt 182 $cc 183 $acr 200 03$aLa prevencio?n del estre?s en el trabajo, puntos de control : $elista de puntos de comprobacio?n : mejoras pra?cticas para la prevencio?n del estre?s en el lugar de trabajo /$fOfficina International del Trabajo 210 1$aGeneva, Switzerland :$cInternational Labour Office,$d2013. 210 4$d©2013 215 $a1 online resource (140 p.) 300 $aDescription based upon print version of record. 311 $a92-2-325637-2 327 $aCopyright; Prefacio; Contenidos; Como usar este manual; 1. Aplicacio?n de los puntos de comprobacio?n; 2. Preparar fichas de informacio?n listas; 3. Organizacio?n de talleres de capacitacio?n; Voici quelques suggestions utiles:; Prevencio?n del estre?s en el trabajo:; Como usar la lista de comprobacio?n; 1. Conociendo el lugar de trabajo; 2. Definir el a?rea de trabajo a ser revisada; 3. Recorrido inicial o discusio?n; 4. Escribir sus resultados de verificacio?n; 5. Seleccionando prioridades; 6. Grupo de discusio?n sobre los resultados; El liderazgo y la justicia; Exigencias del trabajo 327 $aControl del trabajoEl apoyo social; Ambiente fisico; El equilibrio entre vida y trabajo y el tiempo de trabajo; Reconocimiento en el trabajo; Proteccion contra el comportamiento ofensivo; Seguridad en el trabajo; Informacio?n y comunicacio?n 330 $aEste manual incluye unos puntos de comprobacio?n fa?ciles de aplicar para la identificacio?n de los estresores en la vida laboral y la mitigacio?n de sus efectos nocivos. Esta publicacio?n es una lectura esencial para las autoridades nacionales, los administradores de empresas y organizaciones, los sindicatos, los profesionales de la seguridad y la salud en el trabajo, y otras partes interesadas en la prevencio?n del estre?s en el trabajo. 606 $aJob security 606 $aIndustrial hygiene 606 $aIndustrial safety 608 $aElectronic books. 615 0$aJob security. 615 0$aIndustrial hygiene. 615 0$aIndustrial safety. 676 $a331.2596 712 02$aInternational Labour Office. 801 0$bMiAaPQ 801 1$bMiAaPQ 801 2$bMiAaPQ 906 $aBOOK 912 $a9910460684803321 996 $aLa prevencio?n del estre?s en el trabajo, puntos de control$92209827 997 $aUNINA LEADER 01252nam--2200373---450- 001 990002812420203316 005 20060913130753.0 010 $a2-7380-0793-7 035 $a000281242 035 $aUSA01000281242 035 $a(ALEPH)000281242USA01 035 $a000281242 100 $a20060913d1997----km-y0itay50------ba 101 $afre 102 $aFR 105 $a||||||||001yy 200 1 $a<> usages sociaux de la science$epour une sociologie clinique du champ scientifique$eune conférence-débat organisée par le groupe Sciences en questions, Paris, INRA, 11 mars 1997$fPierre Bourdieu 210 $aParis$cInstitut National de la Recherche Agronomique$dcopyr. 1997 215 $a79 p.$d19 cm 225 2 $aSciences en questions 410 0$12001$aSciences en questions 606 0 $aScienze e società 676 $a501 700 1$aBOURDIEU,$bPierre$045203 801 0$aIT$bsalbc$gISBD 912 $a990002812420203316 951 $aII.6. 324$b189756 L.M.$cII.6.$d00125547 959 $aBK 969 $aUMA 979 $aPAOLA$b90$c20060913$lUSA01$h1149 979 $aPAOLA$b90$c20060913$lUSA01$h1248 979 $aPAOLA$b90$c20060913$lUSA01$h1307 996 $aUsages sociaux de la science$9995032 997 $aUNISA